Bibliographie analytique de l'Afrique antique XVIII(1982)
محفوظ في:
| المؤلفون الرئيسيون: | , |
|---|---|
| التنسيق: | كتاب |
| اللغة: | الفرنسية |
| منشور في: |
Roma
Ecole Francaise de Rome
1987
|
| الموضوعات: | |
| الوسوم: |
إضافة وسم
لا توجد وسوم, كن أول من يضع وسما على هذه التسجيلة!
|
MARC
| LEADER | 00000nam a2200000 a 4500 | ||
|---|---|---|---|
| 001 | UCP8648 | ||
| 003 | CL-VaPUC | ||
| 008 | 000310e19870000IT |||||||||||||||||fre|d | ||
| 082 | 0 | 4 | |a 960.016 |b DES |2 21 |
| 100 | 0 | |a Desanges, Jehan |e author |9 438742 | |
| 700 | |a Lancel, Serge |e author |9 463725 | ||
| 245 | 1 | 0 | |a Bibliographie analytique de l'Afrique antique XVIII(1982) |
| 300 | |a 58 p | ||
| 942 | |c BK | ||
| 945 | |d 20000310 00:00:00 |a lriquelm | ||
| 260 | |a Roma |b Ecole Francaise de Rome |c 1987 | ||
| 650 | 7 | |a BIBLIOGRAFIA ANALITICA |2 CL-VaPUC |9 342353 | |
| 650 | 0 | |a Historia |9 255047 | |
| 651 | 0 | |a África |9 256790 | |
| 583 | |a last modification |c 20000310 00:00:00 |k Rodrigo Vera | ||
| 999 | |c 285539 |d 285537 | ||
| 952 | |0 0 |1 0 |4 0 |6 960_016000000000000_DES_1987 |7 0 |8 A |9 330219 |a BIBHIS |b BIBHIS |d 2019-11-20 |i 1385488 |o 960.016 DES 1987 |p 1385488 |r 2025-01-20 |w 2019-11-20 |y BK |k HIS | ||